000 00195 a2200097 4500
001 83828
090 _c40033
_d40033
100 _aHitti,P.K.
245 _aHistory of the Arabs
260 _bWWW.palgrave.com
942 _aNUST-CAE
999 _c318901
_d318901